<?xml version="1.0" encoding="UTF-8"?>
<record
    xmlns:xsi="http://www.w3.org/2001/XMLSchema-instance"
    xsi:schemaLocation="http://www.loc.gov/MARC21/slim http://www.loc.gov/standards/marcxml/schema/MARC21slim.xsd"
    xmlns="http://www.loc.gov/MARC21/slim">

  <leader>04640nam a2200397 a 4500</leader>
  <controlfield tag="003">CHAP</controlfield>
  <controlfield tag="005">20230509121045.0</controlfield>
  <controlfield tag="007">ta</controlfield>
  <controlfield tag="008">230509s2018    -usado|fr|||| 001 0 eng d</controlfield>
  <datafield tag="020" ind1=" " ind2=" ">
    <subfield code="a">978-1-4987-5459-0</subfield>
  </datafield>
  <datafield tag="040" ind1=" " ind2=" ">
    <subfield code="a">mxchpua</subfield>
    <subfield code="c">CHAP</subfield>
    <subfield code="e">rda</subfield>
  </datafield>
  <datafield tag="050" ind1="1" ind2="0">
    <subfield code="a">TS1960</subfield>
    <subfield code="b">.A38 2018</subfield>
  </datafield>
  <datafield tag="082" ind1="0" ind2="0">
    <subfield code="a">664.907</subfield>
    <subfield code="b">A38 2018</subfield>
    <subfield code="2">20</subfield>
  </datafield>
  <datafield tag="245" ind1="1" ind2="0">
    <subfield code="a">Advanced technologies for meat processing /</subfield>
    <subfield code="c">editores Fidel Toldr&#xE1; y Leo M.L. Nollet</subfield>
  </datafield>
  <datafield tag="250" ind1=" " ind2=" ">
    <subfield code="a">2a edici&#xF3;n</subfield>
  </datafield>
  <datafield tag="264" ind1=" " ind2=" ">
    <subfield code="a">Boca Raton, FL. :</subfield>
    <subfield code="b">CRC Press, </subfield>
    <subfield code="c">2018</subfield>
  </datafield>
  <datafield tag="300" ind1=" " ind2=" ">
    <subfield code="a">xvi, 705 pages :</subfield>
    <subfield code="b">ilustraciones, gr&#xE1;ficas, diagramas, tablas, fotos</subfield>
  </datafield>
  <datafield tag="336" ind1=" " ind2=" ">
    <subfield code="2">rdacontent</subfield>
    <subfield code="a">texto</subfield>
    <subfield code="b">txt</subfield>
  </datafield>
  <datafield tag="337" ind1=" " ind2=" ">
    <subfield code="2">rdamedia</subfield>
    <subfield code="a">sin medio</subfield>
    <subfield code="b">n</subfield>
  </datafield>
  <datafield tag="338" ind1=" " ind2=" ">
    <subfield code="2">rdacarrier</subfield>
    <subfield code="a">volumen</subfield>
    <subfield code="b">nc</subfield>
  </datafield>
  <datafield tag="490" ind1="1" ind2=" ">
    <subfield code="a">Food science &amp; technology (CRC Press)</subfield>
  </datafield>
  <datafield tag="505" ind1="0" ind2=" ">
    <subfield code="a">Bioengineering of Farm Animals: Meat Quality and Safety. --
Gene Technology for Meat Quality. --
Automation for the Modern Slaughterhouse. --
New Spectroscopic Techniques for Online Monitoring of Meat Quality. --
Hyperspectral Imaging Technique for Online Monitoring of Meat Quality and Safety. --
Raman spectroscopy for predicting meat tenderness. --
Real-Time PCR for the Detection of Pathogens in Meat. --
Nanotechnology-based sensors for pathogens detection. --
Meat Decontamination by Irradiation. --
Advances in High Hydrostatic Pressure to Meat and Meat Processing. --
Hydrodynamic Pressure Processing to Improve Meat Quality and Safety. --
Functional Properties of Bioactive Peptides Derived From Meat Proteins. --
New Approaches for the Development of Functional Meat Products. --
Salt reduction in processed meats. --
Fat reduction in processed meats. --
Processing of Nitrite-Free Cured Meats. --
Proteomic tools for Improved Processing of Dry-Cured Meats. --
Nutrigenomics in animal feed and nutrition. --
The Use of Bacteriocins Against Meat-Borne Pathogens. --
Latest Developments in Meat Bacterial Starters. --
Nanotechnology-based packaging materials for processed meats. --
Reduction in contaminants generation in processed meats.</subfield>
  </datafield>
  <datafield tag="520" ind1="2" ind2=" ">
    <subfield code="a">As with the first edition, the main goal of Advanced Technologies for Meat Processing is to provide the reader with recent developments in new advanced technologies for the full meat-&#x3000;processing chain.&#x3000;This book is written by distinguished international contributors with recognized expertise and excellent reputations, and brings together all the advances in a wide&#x3000;and&#x3000;varied&#x3000;number&#x3000;of&#x3000;technologies&#x3000;that are&#x3000;applied in different stages of meat processing.&#x3000;This second edition contains 21 chapters, combining updated and revised versions of several chapters&#x3000;with entirely&#x3000;new chapters&#x3000;that&#x3000;deal&#x3000;with new online monitoring techniques like hyperspectral imaging and Raman spectroscopy, the use of nanotechnology for sensor devices or new packaging materials and the application of omics technologies like nutrigenomics and proteomics for meat quality and nutrition.&#x3000;

The book starts with the control and traceability of genetically modified farm animals, followed by four chapters reporting the use of online non-destructive monitoring techniques like hyperspectral imaging and Raman spectroscopy, real-time PCR for pathogens detection, and nanotechnology-based sensors. Then, five chapters describe different advanced technologies for meat decontamination, such as irradiation, hydrostatic and hydrodynamic pressure processing, other non-thermal technologies, and the reduction in contaminants generation. Nutrigenomics in animal nutrition and production is the object of a chapter that is followed by five chapters dealing with nutritional-related issues like bioactive peptides, functional meats, fat and salt reduction, processing of nitrite-free products, and the use of proteomics for the improved processing of dry-cured meats. The last four chapters are reporting the latest developments in bacteriocins against meat-borne pathogens, the functionality of bacterial starters, modified atmosphere packaging and the use of new nanotechnology-based materials for intelligent and edible packaging.</subfield>
  </datafield>
  <datafield tag="650" ind1="1" ind2="3">
    <subfield code="9">138315</subfield>
    <subfield code="a">Calidad de la carne</subfield>
  </datafield>
  <datafield tag="650" ind1="1" ind2="3">
    <subfield code="9">147937</subfield>
    <subfield code="a">Industria del ganado y de la carne  </subfield>
  </datafield>
  <datafield tag="650" ind1="1" ind2="3">
    <subfield code="9">138316</subfield>
    <subfield code="a">Ciencia de la carne</subfield>
  </datafield>
  <datafield tag="650" ind1="1" ind2="3">
    <subfield code="9">147832</subfield>
    <subfield code="a">Productos c&#xE1;rnicos  </subfield>
  </datafield>
  <datafield tag="650" ind1="1" ind2="3">
    <subfield code="9">147938</subfield>
    <subfield code="a">Livestock and meat industry</subfield>
  </datafield>
  <datafield tag="650" ind1="1" ind2="3">
    <subfield code="9">150733</subfield>
    <subfield code="a">Meat quality</subfield>
  </datafield>
  <datafield tag="650" ind1="1" ind2="3">
    <subfield code="9">153829</subfield>
    <subfield code="a">Meat science</subfield>
  </datafield>
  <datafield tag="650" ind1="1" ind2="3">
    <subfield code="9">147939</subfield>
    <subfield code="a">Meat products  </subfield>
  </datafield>
  <datafield tag="700" ind1="1" ind2=" ">
    <subfield code="9">125057</subfield>
    <subfield code="a">Toldr&#xE1;, Fidel</subfield>
    <subfield code="e">editor</subfield>
  </datafield>
  <datafield tag="700" ind1="1" ind2=" ">
    <subfield code="9">81627</subfield>
    <subfield code="a">Nollet, Leo M.L.</subfield>
    <subfield code="e">editor</subfield>
  </datafield>
  <datafield tag="830" ind1=" " ind2="0">
    <subfield code="9">186940</subfield>
    <subfield code="a">Food science &amp; technology (CRC Press)</subfield>
  </datafield>
  <datafield tag="942" ind1=" " ind2=" ">
    <subfield code="2">ddc</subfield>
    <subfield code="c">Libro</subfield>
  </datafield>
  <datafield tag="999" ind1=" " ind2=" ">
    <subfield code="c">218711</subfield>
    <subfield code="d">218711</subfield>
  </datafield>
  <datafield tag="952" ind1=" " ind2=" ">
    <subfield code="0">0</subfield>
    <subfield code="1">0</subfield>
    <subfield code="2">ddc</subfield>
    <subfield code="4">0</subfield>
    <subfield code="5">1</subfield>
    <subfield code="7">0</subfield>
    <subfield code="8">GRAL</subfield>
    <subfield code="a">IA_</subfield>
    <subfield code="b">IA_</subfield>
    <subfield code="d">2019-11-28</subfield>
    <subfield code="e">Compra Librer&#xED;a UACh F. 38695</subfield>
    <subfield code="i">273995</subfield>
    <subfield code="l">0</subfield>
    <subfield code="o">664.907 A38 2018</subfield>
    <subfield code="p">1102014741</subfield>
    <subfield code="r">2023-05-09 00:00:00</subfield>
    <subfield code="t">Ej. 1</subfield>
    <subfield code="w">2023-05-09</subfield>
    <subfield code="y">LIBRO</subfield>
  </datafield>
  <datafield tag="952" ind1=" " ind2=" ">
    <subfield code="0">0</subfield>
    <subfield code="1">0</subfield>
    <subfield code="2">ddc</subfield>
    <subfield code="4">0</subfield>
    <subfield code="5">5</subfield>
    <subfield code="7">0</subfield>
    <subfield code="8">GRAL</subfield>
    <subfield code="a">IA_</subfield>
    <subfield code="b">IA_</subfield>
    <subfield code="d">2019-11-28</subfield>
    <subfield code="e">Compra Librer&#xED;a UACh F. 38695</subfield>
    <subfield code="i">273996</subfield>
    <subfield code="l">6</subfield>
    <subfield code="m">1</subfield>
    <subfield code="o">664.907 A38 2018</subfield>
    <subfield code="p">1102014742</subfield>
    <subfield code="r">2026-03-10 17:18:57</subfield>
    <subfield code="s">2026-02-26</subfield>
    <subfield code="t">Ej. 2</subfield>
    <subfield code="w">2023-05-09</subfield>
    <subfield code="y">LIBRO</subfield>
  </datafield>
</record>
